000 00733nam a2200265Ia 4500
003 OSt
005 20250506103727.0
008 210423s2007 xx 000 0 und d
020 _a9788652130148
040 _cAL
041 _aeng
082 _a801.95
_223
_bGUEH
100 _aWilfred L Guerin
_977583
245 _aHandbook of critical approaches to literature
250 _a5
260 _aNew Delhi
_bOxford University Press
_c2007
300 _axvi,424
_bPB
365 _b210
_cINR
700 _aLabor, Earle
_9209401
700 _aMorgan, Lee
_9209402
700 _aReesman, Jeanne C
_9209403
700 _aWillingham, John R
_9209404
906 _aapproaches ; critical ; Handbook ; literature.
942 _2ddc
_cBK
999 _c155861
_d155861